000 00352nam a2200133Ia 4500
008 151001s9999||||xx |||||||||||||| ||und||
100 _aदेशपांडे खं
245 _aदारी गुलाब फुलवा
250 _a2
260 _bकेशरी प्रकाशन
260 _c1974
300 _a152
365 _b18
999 _c956861
_d956858